000 00623nam a2200205Ia 4500
008 191130s2011##################000#0#eng##
020 _a9780495572398
040 _aACL
_cACL
082 _a302.234 ALT
100 _aAlten, Stanley R
245 _aAudio in media
_cStanley R. Alten
250 _a9th ed
260 _aBelmont, CA
_bWadsworth Cengage Learning
_cc2011
300 _axxv,550 p. : ill. ; 27 cm
500 _aIncludes bibliographical references (p. 504-511) and index
650 _aSound - Recording and reproducing
990 _ab9e1bae6ac10000c71aba424a3b44cf4
991 _a228588
999 _c375561
_d375561